000 00455nam a2200169Ia 4500
008 230917s9999||||xx |||||||||||||| ||und||
020 _cGBP50
040 _e212510
_aMAIN
041 _aEnglish
082 _a338.4791 B978T
100 _aButler, Richard, ed.
245 0 _aTourism and political change
260 _aOxford
_bGoodfellow Publishers
_c2010
300 _aviii, 229 p.
500 _a4268 25/11/2013 130 04/12/2013 Main Budget
942 _cBK
999 _c34442
_d34442